LEADER 01227nam 2200385 450 001 990000931080203316 010 $a3-7643-5272-2 035 $a0093108 035 $aUSA010093108 035 $a(ALEPH)000093108USA01 035 $a0093108 100 $a20020131d1995----km-y0itay0103----ba 101 $aeng 102 $aDE 105 $a||||||||001yy 200 1 $aOperator theory and boundary eigenvalue problems$einternational workshop in Vienna, July 27-30, 1993$fedited by I. Gohberg, H. Langer 210 $aBasel$cBirkhauser$dc1995 215 $aX, 313 p.$d24 cm 225 2 $aOperator theory advances and applications$v80 410 $12001$aOperator theory advances and applications$v80 606 $aTeoria degli operatori$xCongressi$z1993 676 $a515.724 676 $a515.724 702 1$aGOHBERG,$bI.srael 702 1$aLONGER,$bH. 801 0$aIT$bsalbc$gISBD 912 $a990000931080203316 951 $a515.724 OPE$b11114 ING$c515.724 959 $aBK 969 $ac 979 $aPATTY$b90$c20020131$lUSA01$h1107 979 $c20020403$lUSA01$h1736 979 $aPATRY$b90$c20040406$lUSA01$h1704 996 $aOperator theory and boundary eigenvalue problems$9375160 997 $aUNISA LEADER 04536nam 2201057 450 001 9910825705903321 005 20210316163618.0 010 $a1-78920-821-1 024 7 $a10.1515/9781785333187 035 $a(CKB)4100000000786462 035 $a(MiAaPQ)EBC4715923 035 $a(DE-B1597)636674 035 $a(DE-B1597)9781785333187 035 $a(PPN)232695202 035 $a(EXLCZ)994100000000786462 100 $a20170519d2017 uy| 0 101 0 $aeng 135 $aurcnu|||||||| 181 $2rdacontent 182 $2rdamedia 183 $2rdacarrier 200 10$aFrom Eastern Bloc to European Union $ecomparative processes of transformation since 1990 /$fedited by Guenther Heydemann and Karel Vodicka 210 1$aNew York :$cBerghahn Books,$d2017. 215 $a1 online resource (416 pages) $ccolor illustrations 225 1 $aContemporary European history ;$vvolume 22 300 $aOriginally published: Go?ttingen : Vandenhoeck & Ruprecht, 2013. 311 $a1-78533-318-6 311 $a1-78533-317-8 320 $aIncludes bibliographical references and index. 327 $tFrontmatter -- $tContents -- $tFigures and Tables -- $tPreface -- $tAbbreviations -- $tIntroduction -- $tChapter 1 Estonia -- $tChapter 2 Latvia -- $tChapter 3 Lithuania -- $tChapter 4 The GDR -- $tChapter 5 Poland -- $tChapter 6 The Czech Republic -- $tChapter 7 The Slovak Republic -- $tChapter 8 Slovenia -- $tChapter 9 Hungary -- $tChapter 10 Romania -- $tChapter 11 Bulgaria -- $tConclusion: Post-Communist Space: State of Consolidation and Prospects: Politics, Economy, Society -- $tBibliography -- $tIndex 330 $a"More than 25 years after the fall of the Soviet Union, European integration remains a work in progress, especially in those Eastern European nations most dramatically reshaped by democratization and economic liberalization. This volume assembles detailed, empirically grounded studies of eleven states--Estonia, Latvia, Lithuania, Poland, the Czech Republic, Slovakia, Hungary, Romania, Bulgaria, Slovenia, and the former East Germany--that went on to join the European Union. Each chapter analyzes the political, economic, and social transformations that have taken place in these nations, using a comparative approach to identify structural similarities and assess outcomes relative to one another as well as the rest of the EU."--Provided by publisher. 410 0$aStudies in contemporary European history ;$vvolume 22. 606 $aPost-communism$zEurope 606 $aDemocracy$zEurope, Eastern 606 $aDemocracy$zEurope, Central 607 $aEurope, Eastern$xPolitics and government$y1989- 607 $aEurope, Central$xPolitics and government$y1989- 607 $aEurope, Eastern$xRelations$zEuropean Union countries 607 $aEurope, Central$xRelations$zEuropean Union countries 607 $aEuropean Union countries$xRelations$zEurope, Eastern 607 $aEuropean Union countries$xRelations$zEurope, Central 610 $abulgaria. 610 $abusiness. 610 $acomparative approach. 610 $aczech republic. 610 $adiplomacy. 610 $aeast germany. 610 $aeconomic liberalization. 610 $aengaging. 610 $aestonia. 610 $aeu. 610 $aeurope. 610 $aeuropean integration. 610 $aeuropean nations. 610 $aeuropean union. 610 $aformer soviet republics. 610 $ahistory. 610 $ahuman condition. 610 $ahungary. 610 $aimmigration and immigrants. 610 $alatvia. 610 $alithuania. 610 $amoney and power. 610 $apoland. 610 $apolitical ideologies. 610 $apolitical intrigue. 610 $apolitical science. 610 $apolitical. 610 $apower and wealth. 610 $aretrospective. 610 $arevolutionaries. 610 $aromania. 610 $aslovakia. 610 $aslovenia. 610 $asocial issues. 610 $asocial transformations. 610 $asoviet union. 615 0$aPost-communism 615 0$aDemocracy 615 0$aDemocracy 676 $a341.242/20947 686 $aMG 80086$2rvk 702 $aHeydemann$b Gu?nther$f1950- 702 $aVodic?ka$b Karel$f1949- 801 0$bMiAaPQ 801 1$bMiAaPQ 801 2$bMiAaPQ 906 $aBOOK 912 $a9910825705903321 996 $aFrom Eastern Bloc to European Union$93946654 997 $aUNINA